000 00696nam a2200121Ia 4500
008 180412s9999||||xx |||||||||||||| ||und||
020 _a333217470
040 _aAhmadu Bello University Library - Zaria
100 _aBAILLIE, T. A.
245 0 _aStable isotopes: applications in pharmacology, toxicology and clinical research: international symposium: London: 3-4 January, 1977.
_cT. A. Baillie (Ed.)
260 _aLondon.
_bMacmillan
_c1978
300 _axiii, 314p.: ill.,
600 _aCongresses, conferences, conventions, symposia.;Effects of isotopes due to their physical properties.;Isotopes in medicine, toxicology, physiology, biochemistry, biology, etc.;Natural science;Radiology and Atomic Energy;Radioactive isotopes.
999 _c2108
_d2108